Úsvit

Bibliographic Details
Format: Journal
Language:Slovak
Published: Nitra Správa rím. kat. kláštorných škôl 1932-[1941]
Nitra Riaditeľstvo rím. -kat. dievčenských škôl v Nitre
Subjects:

MARC

LEADER 00000cas a2200000 a 4500
001 vtls001469533
003 SK-MaSNL
005 20260228160847.0
008 040226d19321941xo x|p 0 0b0slo
035 |a SNK000424838 
040 |a SNK  |b slo  |c SNK  |e AACR2 
041 0 |a slo 
044 |a xo  |c SK 
080 |a 272  |2 2011 
245 0 0 |a Úsvit 
260 |a Nitra  |b Správa rím. kat. kláštorných škôl  |c 1932-[1941] 
260 3 |3 1939-1941  |a Nitra  |b Riaditeľstvo rím. -kat. dievčenských škôl v Nitre 
310 |a 1x mesačne  |b 1939-1941 
321 |a 10x ročne  |b 1934-1938 
321 |a Nepravidelne  |b 1932-1933 
362 0 |a Roč. 1 (nov. 1932/1933)-[1941]  |z Bg., Kipsová/1968, č. z. 865 ; Bg., Fedor/1969, č.z. 679 
500 |a Bg. Kipsová/1968 uvádza, že vychádzal aj po r.1938. Bg. Fedor/1969 uvádza, že bol evidovaný v Indexe 1942, Soznam časopisov k 1.1.1941 a zanikol v r. 1941 
650 0 7 |a kresťanský život  |2 SNKPH  |9 1808 
850 |a Slovenská národná knižnica v Martine 
910 |a snk 
999 |c 3785  |d 5715 
952 |0 0  |1 0  |4 0  |7 0  |8 5  |a SNK  |b SNK  |d 2004-02-26  |i snkF 975/79  |l 0  |o snkČSB 2762/6/1937-1938  |p 17A0416590  |r 2005-01-02 00:00:00  |w 2026-02-21  |y PREZ